Fray Juan Pérez de Marchena (Record no. 183648)

MARC details
000 -LEADER
campo de control de longitud fija 00363nam a2200121 i 4500
001 - NÚMERO DE CONTROL
campo de control 183648
003 - IDENTIFICADOR DE NÚMERO DE CONTROL
campo de control ES-MaACL
005 - FECHA Y HORA DE LA ÚLTIMA TRANSACCIÓN
campo de control 20230906221936.0
008 - DATOS DE LONGITUD FIJA--INFORMACIÓN GENERAL
campo de control de longitud fija 140912s1880 sp |||| | spa d
245 00 - MENCIÓN DEL TÍTULO
Título Fray Juan Pérez de Marchena
Resto del título : recuerdo dedicado al ilustre guardián de la Rábida.
260 ## - PUBLICACIÓN, DISTRIBUCIÓN, ETC.
Lugar de publicación, distribución, etc. Sevilla :
Nombre del editor, distribuidor, etc. [s.n.],
Fecha de publicación, distribución, etc. 1880.
852 ## - LOCALIZACIÓN
Ubicación ES-MaACL
Número de control de estantería T-1290-F-2
Holdings
Estatus retirado Estado de pérdida Estado de daño No para préstamo Colección Biblioteca de origen Biblioteca actual Ubicación en estantería Fecha de adquisición Fuente de adquisición Total de préstamos Signatura topográfica completa Código de barras Visto por última vez Precio de reemplazo Tipo de ítem Koha
        Colección de folletos Biblioteca del Ateneo de Madrid Biblioteca del Ateneo de Madrid Depósito folletos 12/09/2014     T-1290-F-2 1193062 23/02/2023 23/02/2023 Folleto